Жемчужины ал-Бухари (Запись № 13470036)
[ простой вид ]
| 000 -МАРКЕР | |
|---|---|
| контрольное поле | 01967nam0a2200361 4500 |
| 001 - ИДЕНТИФИКАТОР ЗАПИСИ | |
| контрольное поле | RU\NLR\BIBL_A\022628383 |
| 005 - ИДЕНТИФИКАТОР ВЕРСИИ | |
| контрольное поле | 20260408234934.0 |
| 010 ## - МЕЖДУНАРОДНЫЙ СТАНДАРТНЫЙ НОМЕР КНИГИ (ISBN) | |
| Номер (ISBN) | 978-5-88503-852-2 |
| Тираж | 1200 |
| 035 ## - ДРУГИЕ СИСТЕМНЫЕ НОМЕРА | |
| Идентификатор записи | (NLR Aleph) 022628383 |
| 100 ## - ДАННЫЕ ОБЩЕЙ ОБРАБОТКИ | |
| Данные общей обработки | 20250923d2025 u y0rusy50 ca |
| 101 1# - ЯЗЫК РЕСУРСА | |
| Язык текста, звукозаписи и т.д. | русский |
| -- | арабский |
| Язык оригинала | арабский |
| Язык текста, звукозаписи и т.д. | арабский |
| 102 ## - СТРАНА ПУБЛИКАЦИИ ИЛИ ПРОИЗВОДСТВА | |
| Страна публикации | российская федерация |
| 105 ## - ПОЛЕ КОДИРОВАННЫХ ДАННЫХ: ТЕКСТОВЫЕ МАТЕРИАЛЫ, МОНОГРАФИЧЕСКИЕ | |
| Кодированные данные о монографическом текстовом документе | y w 000yy |
| 181 #0 - ПОЛЕ КОДИРОВАННЫХ ДАННЫХ: ВИД СОДЕРЖАНИЯ | |
| Код вида содержания (ISBD) | i4 |
| Код характеристики содержания (ISBD) | axxe |
| 182 #0 - ПОЛЕ КОДИРОВАННЫХ ДАННЫХ: ТИП СРЕДСТВА | |
| Код типа средства (ISBD) | n - непосредственное |
| 200 1# - ЗАГЛАВИЕ И СВЕДЕНИЯ ОБ ОТВЕТСТВЕННОСТИ | |
| Основное заглавие | Жемчужины ал-Бухари |
| Сведения, относящиеся к заглавию | хадисы Пророка с комментариями ал-Касталани |
| Первые сведения об ответственности | Имам ал-Бухари |
| Последующие сведения об ответственности | перевод [с арабского]: Таджуддин-хаджи Казибеков |
| 203 ## - ВИД СОДЕРЖАНИЯ И ТИП СРЕДСТВА | |
| Вид содержания | Текст |
| Дополнительные сведения об издании | визуальный |
| Тип средства | непосредственный |
| 210 ## - ПУБЛИКАЦИЯ, РАСПРОСТРАНЕНИЕ И ДР. | |
| Место издания, распространения и т.д. | Москва |
| -- | Санкт-Петербург |
| Имя издателя, распространителя и т. д. | Диля |
| Дата издания, распространения и т.д. | 2025 |
| 215 ## - ФИЗИЧЕСКАЯ ХАРАКТЕРИСТИКА | |
| Специфическое обозначение материала и объем | 314 с. |
| Размеры | 24 |
| 300 ## - ОБЩИЕ ПРИМЕЧАНИЯ | |
| Текст примечания | В вып. дан. авт.: Ал-Бухари Мухаммад ибн Исмā‘йл; на с. 4: Абу ‘Абд Аллāх ибн Мухаммад ибн Ибрахим ибн ал-Мугира ибн Бардизба ал-Джуфи |
| 300 ## - ОБЩИЕ ПРИМЕЧАНИЯ | |
| Текст примечания | Часть текста араб. |
| 500 ## - УНИФИЦИРОВАННОЕ ЗАГЛАВИЕ | |
| Унифицированное заглавие | Хадисы Пророка |
| Идентификатор авторитетной / нормативной записи | RU\NLR\AUTH\559208 |
| Системный номер авторитетной/нормативной записи | 2631235 |
| 606 1# - НАИМЕНОВАНИЕ ТЕМЫ КАК ПРЕДМЕТ | |
| Наименование темы | Хадисы |
| Тематический подзаголовок | Толкование |
| Системный номер авторитетной/нормативной записи | 2398256 |
| Идентификатор авторитетной/нормативной записи | RU\NLR\AUTH\661429761 |
| 686 1# - ИНДЕКСЫ ДРУГИХ КЛАССИФИКАЦИЙ | |
| Индекс | Э38-220.9,12 |
| 700 #1 - ИМЯ ЛИЦА - ПЕРВИЧНАЯ ОТВЕТСТВЕННОСТЬ | |
| Материалы, к которым относится поле | rus |
| Графика поля | Кириллица |
| Начальный элемент ввода | Бухари |
| Часть имени, кроме начального элемента ввода | А.-А.-М. аль |
| Даты | 810-870 |
| Расширение инициалов личного имени | Абу-Абдаллах-Мухаммед аль |
| Идентификатор авторитетной/нормативной записи | RU\NLR\AUTH\7710815 |
| Системный номер авторитетной/нормативной записи | 120579 |
| 702 #1 - ИМЯ ЛИЦА - ВТОРИЧНАЯ ОТВЕТСТВЕННОСТЬ | |
| Код отношения | Переводчик |
| Материалы, к которым относится поле | rus |
| Графика поля | Кириллица |
| Начальный элемент ввода | Казибеков |
| Часть имени, кроме начального элемента ввода | Т.-хаджи |
| Расширение инициалов личного имени | Таджуддин-хаджи |
| Идентификатор авторитетной/нормативной записи | RU\NLR\AUTH\77114864 |
| Системный номер авторитетной/нормативной записи | 97789 |
| 702 #0 - ИМЯ ЛИЦА - ВТОРИЧНАЯ ОТВЕТСТВЕННОСТЬ | |
| Код отношения | Объект посвящения |
| Материалы, к которым относится поле | rus |
| Графика поля | Кириллица |
| Начальный элемент ввода | Мухаммед |
| Дополнения к именам, кроме дат | пророк |
| Даты | ок.570-632 |
| Идентификатор авторитетной/нормативной записи | RU\NLR\AUTH\779947 |
| Системный номер авторитетной/нормативной записи | 119736 |
| 702 #1 - ИМЯ ЛИЦА - ВТОРИЧНАЯ ОТВЕТСТВЕННОСТЬ | |
| Код отношения | Комментатор |
| Материалы, к которым относится поле | rus |
| Графика поля | Кириллица |
| Начальный элемент ввода | Касталани |
| Часть имени, кроме начального элемента ввода | А. ибн А. Б. ал |
| Даты | ок.1454-ок.1517 |
| Расширение инициалов личного имени | Ахмад ибн Абу Бакр ал |
| Идентификатор авторитетной/нормативной записи | RU\NLR\AUTH\77105588 |
| Системный номер авторитетной/нормативной записи | 88513 |
| 942 ## - ДОПОЛНИТЕЛЬНЫЕ ЭЛЕМЕНТЫ ЗАПИСИ (АБИС) | |
| Тип экземпляра АБИС | Книга |
| 980 ## - КОЛЛЕКЦИЯ | |
| Название коллекции | Национальная библиография |
Нет доступных экземпляров.